Zgadnij kolory różnych państw - Statystyki

Ogólne statystyki
  • Ten quiz został rozwiązany 22 razy
  • Średni wynik to 9 z 15
Statystyki odpowiedzi
Zagadnienie Odpowiedź % Poprawnych
Jakie kolory ma flaga USA Czerwony,niebieski,Biały
86%
Jakie kolory ma flaga Portugali Czerwony,Zielony,Żółty,Biały,Niebieski,Czarny
86%
Jakie kolory ma flaga Wielkiej Brytani Niebieski,Czerwony,Biały
86%
Jakie kolory ma flaga Nigerii Zielony,Biały
86%
Jakie kolory ma flaga Polski Czerwony,Biały
71%
Jakie kolory ma flaga Singapuru Biały,Czerwony
57%
Jakie kolory ma flaga Brazyli Biały,Zielony,Żółty,Niebieski
57%
Jakie kolory ma flaga Nepalu Niebieski,Czerwony,Biały
57%
Jakie kolory ma flaga Nowej Zelandi Niebiesky,Czerwony,Biały
57%
Jakie kolory ma flaga Arabi Sudyjskiej Zielony,Biały
57%
Jakie kolory ma flaga Demokratycznej Republiki Konga Żółty,Czerwony,Niebieski
57%
Jakie kolory ma flaga Vanuatu Czerwony,Czarny,Żółty,Zielony
43%
Jakie kolory ma flaga Mikronezji Niebieski,Biały
43%
Jakie kolory ma flaga Republiki Nigru Pomarańczowy,Biały,Zielony
43%
Jakie kolory ma flaga Kirgistanu Żółty,Czerwony
29%
Nie znaleziono quizów pasujących do podanych kryteriów
Rozkład punktacji
Procent ludzi z każdym wynikiem
Percentyl według liczby udzielonych odpowiedzi
Twoja historia wyników
Nie rozwiązałeś tego quizu